Normal view MARC view
  • PACTO INTERNACIONAL DE DERECHOS CIVILES Y POLITICOS

Entry Título Uniforme

Number of records used in: 1

001 - NÚMERO DE CONTROL DEL REGISTRO

  • Campo de control: 24879

003 - IDENTIFICADOR DEL NÚMERO DE CONTROL

  • Campo de control: UPN

005 - FECHA Y HORA DE LA ÚLTIMA TRANSACCIÓN

  • Campo de control: 20210219194016.0

008 - ELEMENTOS DE LONGITUD FIJA

  • Campo de control de longitud fija : nabaccnnaabn|||||||||| b |nc|||||d

035 ## - NÚMERO DE CONTROL DEL SISTEMA

  • Número de control de sistema local: UPN10000024888

040 ## - FUENTE DE LA CATALOGACIÓN

  • Idioma de la catalogación: SPA
  • Agencia que realiza la transcripción: UPN

130 #0 - ENCABEZAMIENTO - TÍTULO UNIFORME

  • Título uniforme: PACTO INTERNACIONAL DE DERECHOS CIVILES Y POLITICOS
  • Fecha de la firma de un tratado: (1966 DICIEMBRE 16)

670 ## - FUENTE EN LA QUE SE LOCALIZARON DATOS

  • Cita de la fuente: LC
  • Información localizada: International Covenant on Civil and Political Rights (1966 December 16)

902 ## - CATALOGADOR

  • Catalogador: MMA/120816